Wird geladen...

CYTOLOGICAL STUDIES ON Bougainvillea COMM.

Bibliographische Detailangaben
1. Verfasser: GEORGE,Saji Mariam
Format: Printed Book
Veröffentlicht: THIRUVANANTHAPURAM DEPT OF BOTANY, UNIVERSITY OF KERALA 1988
Schlagworte:
LEADER 00556nam a2200205 4500
020
037
082 |a 583.53 GEO 
100 |a GEORGE,Saji Mariam 
245 |a CYTOLOGICAL STUDIES ON Bougainvillea COMM.  |h English 
250
260 |a THIRUVANANTHAPURAM  |b DEPT OF BOTANY, UNIVERSITY OF KERALA  |c 1988 
300 |a 52  |f HB 
500
590
630
650 |a Bougainvillea 
942 |c REF 
999 |c 175331  |d 175331 
952 |0 0  |1 0  |4 0  |6 583_530000000000000_GEO  |7 0  |9 188698  |a BOT  |b BOT  |l 0  |o 583.53 GEO  |p BOTMPH D268  |r 2019-10-25  |w 2019-10-25  |y REF